La jurisprudencia civil: repertorio de las sentencias en que se ha aplicado el Código Civil chileno desde que comenzó a rejir en 1§ de Enero de 1857 hasta Noviembre último
Uloženo v:
| Hlavní autor: | |
|---|---|
| Médium: | Kniha |
| Jazyk: | španělština |
| Vydáno: |
Santiago
Ramón Valera
1879
|
| Témata: | |
| Tagy: |
Přidat tag
Žádné tagy, Buďte první, kdo vytvoří štítek k tomuto záznamu!
|
MARC
| LEADER | 00000nam a2200000 a 4500 | ||
|---|---|---|---|
| 001 | UCS1751 | ||
| 003 | CL-VaPUC | ||
| 008 | 970515e18790300CL |||||||||||||||||spa|d | ||
| 082 | 0 | 4 | |a 347.077 |b PIÑ |2 21 |
| 100 | 0 | |a Piñera, Eulojio |e author |9 386487 | |
| 245 | 1 | 3 | |a La jurisprudencia civil: repertorio de las sentencias en que se ha aplicado el Código Civil chileno desde que comenzó a rejir en 1§ de Enero de 1857 hasta Noviembre último |
| 300 | |a 2 v | ||
| 942 | |c BK | ||
| 945 | |d 19970515 00:00:00 |a paguirre | ||
| 260 | |a Santiago |b Ramón Valera |c 1879 | ||
| 500 | |a Obra premiada en la sección de Derecho i Jurisprudencia en los exámenes de 1878 | ||
| 650 | 0 | |a Derecho civil |9 255013 | |
| 650 | 0 | |a Procedimiento civil |9 254870 | |
| 650 | 0 | |a Sentencias |9 256250 | |
| 650 | 0 | |a Jurisprudencia |9 255952 | |
| 651 | 7 | |a CHILE |2 CL-VaPUC |9 386488 | |
| 583 | |a last modification |c 19970515 00:00:00 |k Rodrigo Vera | ||
| 999 | |c 259783 |d 259781 | ||
| 952 | |0 0 |1 0 |4 0 |6 347_077000000000000_PIÑ_1879 |7 0 |8 X |9 285103 |a BIBDER |b BIBDER |d 2019-11-19 |h v.1 |i 1850571 |o 347.077 PIÑ 1879 |p 1850571 |r 2023-01-25 |w 2019-11-19 |y BK_X |k DER | ||
| 952 | |0 0 |1 0 |4 0 |6 347_077000000000000_PIÑ_1879 |7 0 |8 X |9 285104 |a BIBDER |b BIBDER |d 2019-11-19 |h v.1 |i 185058K |o 347.077 PIÑ 1879 |p 185058K |r 2023-01-25 |w 2019-11-19 |y BK_X |k DER | ||
| 952 | |0 0 |1 0 |2 ddc |4 0 |5 1 |6 347_077000000000000_PIÑ_1879 |7 1 |8 C_LRYV |9 285105 |a FDOBRV |b BIBDER |d 2019-11-19 |h v.1 |i 1850598 |o 347.077 PIÑ 1879 |p 1850598 |r 2023-01-25 |w 2019-11-19 |y BK_X |k BRV | ||
| 952 | |0 0 |1 0 |2 ddc |4 0 |5 1 |6 347_077000000000000_PIÑ_1879 |7 1 |8 C_LRYV |9 285106 |a FDOBRV |b BIBDER |d 2019-11-19 |h v.2 |i 1850601 |o 347.077 PIÑ 1879 |p 1850601 |r 2023-01-25 |w 2019-11-19 |y BK_X |k BRV | ||